000 00263nam a22001217a 4500
082 _a669 BUT'M
100 _aBUTTS, ALLISON
_956965
245 _aMETALLURGICAL PROBLEMS
250 _a2ND
260 _aNEWYORK
_bMCGRAW HILL
_c1943
300 _a446P
942 _cBK
999 _c567287
_d567287